000 00733nam a2200253Ia 4500
003 OSt
005 20220918181558.0
006 a|||||r|||| 00| 0
007 ta
008 220917b |||||||| |||| 00| 0 eng d
024 _a27,690
037 _cTextual
040 _aARTS
_cARTS
_beng
041 _2eng
_aeng
082 _aO111,2N06j, M7
100 _aAcheson James ed
_958848
245 0 _aBeclett's later fiction and fram
_b texts for company
260 _aHampshire
_bMacmillan
_c1987
300 _axvii,206p.
_ccm.
650 _aENGLISH LITERATURE
700 _a Arthur Kateryna ed
_958849
942 _hO111,2N06j, M7
_cTEXL
_2CC
999 _c166118
_d166118